Name the Rap Album By Cover 2 - Statistics

General Stats
  • This quiz has been taken 44 times
  • The average score is 12 of 16
Answer Stats
Picture Answer % Correct
To Pimp a Butterfly
93%
2014 Forest Hills Drive
91%
For All the Dogs
91%
Savage Mode II
91%
The College Dropout
91%
Utopia
89%
Aquemini
82%
We Don't Trust You
82%
Die Lit
77%
Flower Boy
77%
Kids See Ghosts
77%
Madvillainy
77%
So Much Fun
59%
Legends Never Die
57%
Because the Internet
45%
Heaven or Hell
39%
No matching quizzes found
Score Distribution
Percent of People with Each Score
Percentile by Number Answered
Your Score History
You have not taken this quiz